AH International Schools' Libraries

Open a world of possible : (Record no. 49630)

MARC details
000 -LEADER
fixed length control field 00361nam a2200109 4500
020 ## - INTERNATIONAL STANDARD BOOK NUMBER
International Standard Book Number 9780545799935
245 ## - TITLE STATEMENT
Title Open a world of possible :
Remainder of title real stories about the joy and power of reading /
Statement of responsibility, etc Edited by Lois Bridges. New York
260 ## - PUBLICATION, DISTRIBUTION, ETC. (IMPRINT)
Place of publication, distribution, etc New York:
Name of publisher, distributor, etc Scholastic;
Date of publication, distribution, etc 2014.
300 ## - PHYSICAL DESCRIPTION
Extent 256 p.
Accompanying material 21 cm.
650 ## - SUBJECT ADDED ENTRY--TOPICAL TERM
Topical term or geographic name as entry element Reading stories.
9 (RLIN) 86747
942 ## - ADDED ENTRY ELEMENTS (KOHA)
Source of classification or shelving scheme
Koha item type NON FIC SECTION
Holdings
Withdrawn status Lost status Source of classification or shelving scheme Damaged status Not for loan Collection code Home library Current library Shelving location Date acquired Full call number Barcode Date last seen Price effective from Koha item type
          Non-Fiction Asian Hope Secondary Library Asian Hope Secondary Library SECONDARY 10/08/2025 028.9 BRI 208287 01/16/2026 10/08/2025 NON FIC SECTION

For any Logos Library related questions please contact Miss Art at swongnarasuk@asianhope.org.

For any Asian Hope Library related questions please contact Miss Raza at graza@asianhope.org.

Powered by Koha